Проблемы системно-формационного подхода к познанию рельефа (основные направления в развитии геоморфологической теории)

Λεπτομέρειες βιβλιογραφικής εγγραφής
Συγγραφή απο Οργανισμό/Αρχή: Академия наук СССР (АН СССР) Сибирское отделение (СО) Институт геологии и геофизики (ИГиГ)
Άλλοι συγγραφείς: Флоренсов Н. А. (редактор), Николаев В. А.
Γλώσσα:Ρωσικά
Έκδοση: Новосибирск, Наука, 1982
Θέματα:
Μορφή: Βιβλίο
KOHA link:https://koha.lib.tpu.ru/cgi-bin/koha/opac-detail.pl?biblionumber=303848

MARC

LEADER 00000nam0a2200000 4500
001 303848
005 20231102001638.0
035 |a (RuTPU)RU\TPU\book\329076 
090 |a 303848 
100 |a 20150905d1982 km y0rusy50 ca 
101 0 |a rus 
102 |a RU 
105 |a a z 001zy 
200 1 |a Проблемы системно-формационного подхода к познанию рельефа (основные направления в развитии геоморфологической теории)  |f Академия наук СССР (АН СССР), Сибирское отделение (СО), Институт геологии и геофизики (ИГиГ) ; под ред. Н. А. Флоренсов, В. А. Николаева 
210 |a Новосибирск  |c Наука  |d 1982 
215 |a 146 с.  |c ил. 
320 |a Библиогр. в конце ст. 
606 1 |a Рельеф  |x Геоморфология  |2 stltpush  |3 (RuTPU)RU\TPU\subj\24968  |9 49232 
610 1 |a системный подход 
610 1 |a формационный подход 
610 1 |a горный рельеф 
610 1 |a равнины 
610 1 |a геоморфолого-тектоническое строение 
610 1 |a структуры 
610 1 |a анализ 
610 1 |a рельефообразование 
610 1 |a геофизические параметры 
610 1 |a земная поверхность 
675 |a 551.4  |v 4 
702 1 |a Флоренсов  |b Н. А.  |4 340 
702 1 |a Николаев  |b В. А.  |4 340 
712 0 2 |a Академия наук СССР (АН СССР)  |b Сибирское отделение (СО)  |b Институт геологии и геофизики (ИГиГ)  |c (Новосибирск)  |2 stltpush  |3 (RuTPU)RU\TPU\col\128 
801 1 |a RU  |b 63413507  |c 20150905 
801 2 |a RU  |b 63413507  |c 20190417  |g RCR 
942 |c BK